000 00533nam a22001697a 4500
005 20251108172053.0
008 250721s1985 xx 000 0 ara d
082 1 4 _a387.5/سعد
100 1 _aغالب، سعدي علي
245 1 0 _aالنقل البحري :
_bدراسة في جغرافية النقل /
264 1 _aبغداد :
_bوزارة التعليم العالي،
_c1985.
300 _a204ص
650 1 7 _aالنقل البحري
650 1 7 _aالتجارة الخارجية
942 _2ddc
_cBK
999 _c69681
_d69681